00304 a2200121 4500001000700000020002100007040001100028100003700039240004700076245004200123300000800165362000900173188512 a978-85-9800888-2 cMagnum aSilva, André Marcos de Paula e10aHistória e cultura afro-brasileiraslpor10aHistória e cultura afro-brasileiras a2240 a2008